Open Data Biblioteca Nacional de Portugal


República Portuguesa: Ministério da Cultura
Biblioteca Nacional de Portugal

Catálogo da BNP: acesso por Identificadores Unívocos
Registos Bibliográficos associados ao registo de autoridade

Etiqueta de registo: 00000nam 2200025 450
001 2284310
003 http://id.bnportugal.gov.pt/bib/catbnp/2284310
100 ## $a20260414d2026 k y0pory01030103ba
101 0# $apor$deng
102 ## $aPT
105 ## $aa m 000yy
106 ## $ar
200 1# $aRessignificando prática e construindo conhecimento coletivo$eação integrada do desenvolvimento profissional docente (AIDPD) como ferramenta de formação de professores$fCasemiro José Mota$gorient. Luís Alexandre da Fonseca Tinoca
210 #9 $aLisboa$c[s.n.],$d2026
215 ## $aix, 300 p.$cil.$d30 cm
328 #1 $aTese dout. Educação (Formação de Professores e Supervisão), Instituto de Educação, Universidade de Lisboa, 2026
700 #1 $aMota,$bCasemiro José$31995603
702 #1 $aTinoca,$bLuís Alexandre da Fonseca$4727$31671783
801 #0 $aPT$bBN$gRPC
966 ## $lBN$mFGMON$x1
971 ## $ccsilva$d20260414

OpendataBNP@bnportugal.pt | Mais informação sobre acesso aos dados BNP